000 00942nam a22002537a 4500
005 20170124103020.0
010 _aA-671631
020 _c40.00
035 _aA-671631
037 _bCen Lib/Ret
040 _aDPL
_bHN
082 _a
_bगोयल
100 _aगोयल, विजया
_960442
245 _aसुरभि के पंख /
_cविजया गोयल
246 _aSurbhi ke pankh /
_bby Vijya Goyal
260 _c1993
_aनई दिल्ली
_bआर्य बुक डिपो
270 _a30, नाईवाला, करोलबाग
_bनई दिल्ली
_e110005
300 _a128पृ.
_c17सेमी (सजिल्द)
650 _aहिन्दी -- साहित्य
_960443
650 _aहिन्दी -- कहानी
_9779
650 _aHindi -- Literature
_960444
650 _aHindi -- Story
_943117
942 _2ddc
_cHN
_h
_mगोयल
999 _c115219
_d115219